[Event "St Petersburg op"]
[Site "St Petersburg"]
[Date "1995.??.??"]
[Round "3"]
[White "Sivokho, Sergey V"]
[Black "Loginov, Valery A"]
[Result "0-1"]
[WhiteElo "2395"]
[BlackElo "2550"]
[Annotator "Shipov,S"]
[PlyCount "76"]
[EventDate "1995.05.??"]
[EventType "swiss"]
[EventRounds "9"]
[EventCountry "RUS"]
[SourceTitle "CBM 046 Extra"]
[Source "ChessBase"]
[SourceDate "1995.07.01"]
[SourceVersion "1"]
[SourceVersionDate "1995.07.01"]
[SourceQuality "1"]

1. e4 c5 2. c3 d5 3. exd5 Qxd5 4. d4 Nf6 5. Nf3 Bg4 6. Be2 e6 7. h3 Bh5 8. Be3
(8. O-O) (8. Na3) 8... cxd4 (8... Nc6 9. dxc5 $2 Qxd1+ 10. Bxd1 Nd5 11. b4 (11.
Bd4 f6 $1) 11... a5 $17) 9. cxd4 Nc6 10. Nc3 Qd6 (10... Qd8 $6 11. Qb3 $1 $16)
11. g4 (11. Qb3 Qb4 $1 $10) 11... Bg6 12. Ne5 Nd5 $5 {N/} (12... Nxe5 $2 13.
dxe5 Qxe5 14. Qa4+ Nd7 15. O-O-O $1 Rd8 (15... Qc7 16. Rxd7 $18) 16. Rxd7 Rxd7
17. Rd1 $18) (12... Be7 13. O-O O-O (13... Nxe5 $5 14. dxe5 Qxe5 15. Qa4+ Kf8
$13 16. Bf4) 14. Bf4 Qd8 (14... Qxd4 15. Nxc6) (14... Qb4 $6 15. a3 Qxb2 16.
Na4 Qc2 17. Nxg6 Qxg6 18. Bd3 Ne4 19. f3 Qf6 20. fxe4 Qxd4+ 21. Kh2 $16 {
Waitzkin,J-Nunn,J/USA/1995/}) (14... Nd5 $5) 15. Bf3 Rc8 16. Nxg6 hxg6 17. Be3
(17. d5 $5) 17... Bd6 18. g5 Nd7 19. d5 $14 {Adams,M-Topalov,V/Las Palmas/1994/
}) 13. Nxd5 (13. Nxg6 $2 Nxe3 $1 14. fxe3 hxg6 $15) 13... Qxd5 (13... exd5 $5
$10) 14. O-O (14. Bf3 Be4 $1) 14... Be7 15. a3 (15. Nxg6 $5 hxg6 16. Bf3 Qd7
17. d5 $5) 15... Be4 $1 (15... O-O 16. Nxg6 $1 hxg6 17. Bf3 $14) (15... Nxe5
16. dxe5 Qxe5 17. Bd4 $1 $16) 16. f3 Nxe5 (16... Bg6 $5 17. f4 (17. Nxg6 $6
hxg6 $132) 17... Be4) 17. fxe4 (17. dxe5 Qxe5 $1 18. fxe4 Qg3+) 17... Qxe4 18.
Qb3 Nd7 $8 19. Bf3 Qg6 20. Qxb7 Rb8 (20... Rd8 $5 21. Rac1 h5 (21... Bd6 $1 $13
) 22. Rc7 hxg4 23. Bc6 gxh3+ 24. Kh1 Qd3 25. Re1 $18) 21. Qxa7 h5 $1 $10 (21...
Rxb2 22. Bc6 $18) 22. Bf4 (22. Bc6 O-O $2 (22... Rd8 $5 $132) 23. Qxd7 hxg4 24.
Qxe7 gxh3+ 25. Qg5 $18) 22... hxg4 $1 23. hxg4 (23. Bc6 gxh3+ 24. Kh1 Rd8 25.
Bc7 O-O 26. Bxd8 Rxd8 $13) 23... Rxb2 24. Rac1 $1 (24. Qa8+ Bd8 25. Bc7 Ke7 $1
$17) 24... Rh4 $1 (24... Rc2 25. Rxc2 Qxc2 26. Rc1 Qd3 27. Bc6 $18) 25. Rc8+
Bd8 26. Rxd8+ $8 Kxd8 27. Qa5+ Ke8 28. Bg5 Rxg4+ $8 29. Bxg4 f6 30. Bxe6 Ne5 $2
(30... Qxg5+ 31. Qxg5 fxg5 32. Rf5 Rd2 33. d5 Nc5 $10) 31. Rf5 $1 Rb1+ (31...
Qh5 32. Qa8+ Ke7 33. Bxf6+ $18) (31... Qh7 32. Qa8+ Ke7 33. Bxf6+ Kxe6 34.
Rxe5+ Kxf6 35. Qf3+ $18) (31... Ke7 32. Qxe5 $18) 32. Kf2 $2 (32. Kg2 Rb2+ 33.
Kg3 $18) 32... Ng4+ 33. Ke2 (33. Kf3 $5 Qh7 34. Kxg4) 33... Qh7 34. Qa8+ (34.
Bd2 $32) 34... Ke7 35. Qa7+ $2 (35. Qe4 $1) 35... Kxe6 $19 36. Qa6+ Kf7 37.
Qa7+ Kg6 38. Rxf6+ Nxf6 0-1

[Event "Moscow-ch op"]
[Site "Moscow"]
[Date "1995.??.??"]
[Round "4"]
[White "Zakharov, Valentin M"]
[Black "Shipov, Sergei"]
[Result "0-1"]
[WhiteElo "2350"]
[BlackElo "2510"]
[Annotator "Shipov,S"]
[PlyCount "106"]
[EventDate "1995.??.??"]
[EventType "swiss"]
[EventRounds "11"]
[EventCountry "RUS"]
[SourceTitle "EXT 1997"]
[Source "ChessBase"]
[SourceDate "1996.11.15"]
[SourceVersion "1"]
[SourceVersionDate "1996.11.15"]
[SourceQuality "1"]

1. e4 c5 2. c3 d5 3. exd5 Qxd5 4. d4 Nf6 5. Nf3 Bg4 6. Qa4+ Bd7 7. Qb3 cxd4 8.
Bc4 Qe4+ 9. Kf1 e6 10. cxd4 (10. Nbd2 $6 Qc6 11. Nxd4 Qc7 12. N2f3 a6 $1 13.
Bg5 Bd6 14. Rd1 Nc6 $15 {>< Kf1 Daniliuk,S-Dragomarezkij,E/Minsk/1994/0:1/38/})
(10. Nxd4 Nc6 $1 11. Nd2 Qg6 (11... Nxd4 $5 12. Nxe4 Nxb3 13. Nxf6+ gxf6 14.
axb3 Bc5 15. b4 Bb6 $10 {Kharlov,A-Tukmakov,V/Biel/1992/0,5/21/}) 12. Qxb7 Rb8
13. Qc7 Rc8 14. Qg3 Nxd4 15. Qxg6 hxg6 16. cxd4 Bb4 17. b3 $8 Bc3 18. Rb1 Bxd4
$10 {Mukhametov,E-Savchenko,S/RUS/1995/0,5/28/}) 10... Nc6 $1 11. Nc3 Qf5 12.
Qxb7 Rb8 13. Qc7 Be7 $1 $44 (13... Rc8 $6 14. Qf4 Qxf4 15. Bxf4 Nxd4 16. Ne5
Nh5 $2 (16... Bd6 17. Rd1 Bxe5 18. Bxe5 Rxc4 19. Bxd4 a6 20. Ke2 $14) 17. Rd1
Nc6 18. Nxd7 Nxf4 19. Bb5 $16 {Kharlov,A-Hoffman,M/Cologne/1993/1:0/39/}) 14.
b3 $1 O-O (14... Bb4 $5 15. Bd2 O-O $32 $44) 15. Qf4 Qa5 16. Bd2 Bb4 17. Ne2 $1
Rfd8 (17... Rbd8 $5) 18. Bxb4 Nxb4 19. Ne5 Bb5 20. g4 Nc6 21. Nxc6 $1 (21. g5
$2 Nxe5 22. gxf6 (22. Qxe5 Nd5 $44) 22... Nxc4 $1 23. bxc4 (23. Qg5 $2 Nd2+ $19
) 23... Bxc4 $17) 21... Bxc6 22. f3 Nd5 23. Qc1 $2 (23. Bxd5 $1 Bxd5 24. Kf2
$14) 23... Rbc8 24. Qe1 (24. Kf2 Bb5 25. Qc2 Nb6 $17) 24... Ne3+ 25. Kf2 Nxc4
26. bxc4 Qa3 27. Qc3 $8 Qxc3 28. Nxc3 Rxd4 $15 29. Nb5 $1 Rd2+ (29... Bxb5 30.
cxb5 Ra4 31. Rhc1 Rxc1 32. Rxc1 Rxa2+ 33. Kg3 $15) (29... Rxc4 $2 30. Nxa7 $10)
30. Kg3 (30. Ke3 $2 Rcd8 $1 $17) 30... Rd7 31. Rhd1 Rcd8 32. Rxd7 Rxd7 33. Rb1
Kf8 $1 34. Rb3 a6 35. Nc3 $2 (35. Na3 Rd2 (35... Rb7 $5) 36. Rb6 Bxf3 37. Rxa6
Bb7 38. Ra7 Rxa2 39. Rxb7 Rxa3+ 40. Kf4 $15) 35... Rd3 $2 (35... Rd4 $1 36. c5
(36. Rb4 Rd3 $1) 36... Rc4 $17) 36. Nb1 Rxb3 37. axb3 a5 $1 38. Kf4 Ke7 39. c5
$2 $138 (39. Nc3 $1 Kd6 $140 40. Ne4+ $1 $10) 39... Bd5 $1 40. Nd2 Kd7 41. Ke5
Kc6 42. Kd4 f6 $1 (42... e5+ 43. Kxe5 Kxc5 44. g5 $1 Be6 45. f4 Kb4 46. f5 Bxb3
47. Nxb3 Kxb3 48. Kd6 a4 49. Ke7 a3 50. Kxf7 a2 51. Kxg7 a1=Q+ 52. Kxh7 $132)
43. f4 e5+ 44. fxe5 fxe5+ 45. Kc3 (45. Kxe5 Kxc5 46. g5 Bg8 47. h4 Kb4 $19)
45... Kxc5 $19 46. h4 e4 47. Nf1 Kd6 $1 48. Ne3 (48. b4 a4 $1 $19) 48... Ke5
49. b4 axb4+ 50. Kxb4 Be6 51. Kc5 Kf4 52. Kd4 Bxg4 53. Nd5+ Kf3 0-1

[Event "Dortmund"]
[Site "Dortmund"]
[Date "1992.??.??"]
[Round "9"]
[White "Ivanchuk, Vassily"]
[Black "Shirov, Alexei"]
[Result "1/2-1/2"]
[WhiteElo "2720"]
[BlackElo "2655"]
[Annotator "Shirov,A"]
[PlyCount "69"]
[EventDate "1992.04.16"]
[EventType "tourn"]
[EventRounds "9"]
[EventCountry "GER"]
[EventCategory "17"]
[SourceTitle "CBM 029"]
[Source "ChessBase"]
[SourceDate "1992.08.01"]
[SourceVersion "1"]
[SourceVersionDate "1992.08.01"]
[SourceQuality "1"]

1. e4 {Anand Blatny,P} c5 2. Nf3 e6 3. c3 d5 4. exd5 exd5 5. d4 Nc6 6. Bb5 (6.
Be3 {Blatny,P} c4 7. b3 {--> 2.c3 disk}) 6... Bd6 7. O-O Nge7 8. dxc5 Bxc5 9.
Nbd2 Bg4 $146 (9... O-O {Anand} 10. Nb3 Bd6) 10. Qa4 $1 (10. Nb3 {Blatny,P} Bd6
11. Bg5 {--> C 09}) 10... Bh5 (10... Bd7 11. Nb3 Bb6 (11... Bd6 12. Bf4) 12.
Re1 O-O 13. Be3 $14) 11. Qh4 Bg6 12. Nb3 Bb6 (12... Bd6 13. Bf4 O-O 14. Rfe1
$14) 13. Nfd4 O-O 14. Be3 (14. Bg5 {Blatny,P} h6) 14... a6 15. Be2 (15. Nxc6
bxc6 16. Bxb6 Qxb6 17. Qxe7 Qxb5 $1 (17... axb5 $2 18. Rfe1 $16) 18. Qa3 (18.
Rad1 Qa4 $1) 18... a5 $1 19. Nc5 a4 $13 {/\ Rdf8, Ra5}) 15... Ne5 16. Rad1 Rc8
17. Rfe1 Re8 {/\ 18...Nc4} (17... Nc4 {Blatny,P} 18. Bg5 $5 (18. Bxc4 Rxc4 $8
19. Bg5 f6 $8 {/\Nf5+/=}) 18... f6 $8 19. Bc1 $16 {/\Bxc4;Bg4 ><e6}) 18. Nf3 $5
(18. Bc1 Qd7 $10) 18... Bxe3 (18... Nxf3+ {Anand} 19. Bxf3 Bxe3 20. Rxe3 $16)
19. Nxe5 Bb6 20. Bg4 Nf5 $4 (20... Nc6 $1 21. Qxd8 (21. Nxg6 Rxe1+ 22. Rxe1
hxg6 $10) 21... Rcxd8 22. Nd7 Rxe1+ 23. Rxe1 Bc7 $1 24. Ndc5 (24. Nbc5 $2 f5
25. Bf3 Bf7 {/\ b6}) 24... Ne5 $1 25. Bh3 (25. Bd1 Rb8) (25. Be2 Re8 26. Kh1 (
26. Rd1 Nc4) 26... Rb8 27. Rd1 Re8 $1 28. Re1 $10 (28. Rxd5 Ng4 $1))) (20...
Rc7 {Blatny,P} 21. Bf3 $16) 21. Qh3 Qg5 $8 22. Nf3 $1 (22. Rxd5 $2 h5 $44)
22... Qf6 23. Nbd4 Nxd4 24. Bxc8 Nxf3+ (24... Ne2+ 25. Kf1 Qc6 26. Qd7 $18) 25.
gxf3 Rxe1+ 26. Rxe1 $18 h5 27. Bxb7 Qg5+ 28. Qg3 Qd2 29. Re5 $4 (29. Re8+ Kh7
30. Kg2 $18 (30. Kg2 {Blatny,P} Bd3 (30... Qxb2 31. Bxd5 Qxc3 $4 32. Qb8 $18) (
30... Qd1 {Anand} 31. Re5 $18) 31. Re5 $1 $18)) 29... Qc1+ 30. Kg2 Bd3 31. h4
Bc7 $1 $10 (31... Qf1+ {Anand} 32. Kh2 Bxf2 33. Qg2) 32. Bxd5 (32. Re8+ Kh7 33.
Qxc7 Qf1+ 34. Kg3 $4 (34. Kh2 Qxf2+ 35. Kh1 (35. Kh3 $4 Bf1#) 35... Qxf3+ (
35... Qf1+ $10 {Anand}) 36. Kh2 $10 (36. Kh2 {Blatny,P} Qf2+ 37. Kh1 Qf1+ $10))
34... Qg1+ 35. Kf4 (35. Kh3 Bf1#) 35... Qh2+ $19 (35... Qh2+ 36. Ke3 Qxc7 $19))
32... Bxe5 33. Qxe5 Qf1+ 34. Kh2 Qxf2+ 35. Kh1 (35. Kh1 Qxh4+ $2 (35... Qf1+
$10) 36. Kg2 $16) 1/2-1/2

[Event "FIDE-Wch k.o."]
[Site "Groningen"]
[Date "1997.12.20"]
[Round "5.1"]
[White "Short, Nigel D"]
[Black "Krasenkow, Michal"]
[Result "1-0"]
[WhiteElo "2660"]
[BlackElo "2645"]
[Annotator "Short,N"]
[PlyCount "89"]
[EventDate "1997.12.09"]
[EventType "k.o."]
[EventRounds "7"]
[EventCountry "NED"]
[SourceTitle "CBM 063"]
[Source "ChessBase"]
[SourceDate "1998.03.26"]
[SourceVersion "1"]
[SourceVersionDate "1998.03.26"]
[SourceQuality "1"]

1. e4 {Finkel,A} c5 2. Nf3 Nc6 3. c3 {Although I was prepared for the
Sveshnikov, I felt inclined to steer the game into quieter channels.} Nf6 4. e5
Nd5 5. Bc4 Nb6 6. Bb3 d5 7. exd6 e6 8. d4 (8. O-O {Finkel,A} Bxd6 9. d4 O-O 10.
dxc5 Bxc5 11. Qe2 Nd5 12. Rd1 $14 {1/2-1/2 Magem Badals,J-Antunes,A/Linares zt
1995 (33)}) 8... cxd4 9. cxd4 Bxd6 10. O-O Ne7 11. Nc3 Bd7 {These moves were
whipped out at great speed by my opponent, so I presumed he knew what he was
doing. White has a number of stereotyped options such as 12.Ne4, 12.Ne5, 12.
Bg5, Re1 etc. but after considerable thought I hit upon a more primitive idea.}
12. Ng5 $1 h6 (12... O-O $6 {Finkel,A} 13. Nce4 $1 {[%cal Gg5h7,Gd1h5]} (13.
Nxh7 $2 Kxh7 14. Qh5+ Kg8 15. Ne4 Nf5 16. Ng5 Nh6 $19) 13... Bc6 $8 {[%tqu
"En","","","","d1d3","",5]} 14. Qd3 $1 {[%cal Ge4f6]} Bxe4 $8 (14... Ng6 15.
Qh3 h6 16. Nxe6 $18) (14... Nf5 15. Qh3 $18 {[%cal Gg5e6]}) 15. Qxe4 Ng6 16.
Qxb7 $16) 13. Nge4 ({I mistakenly rejected} 13. Qh5 $1 {because of} g6 (13...
O-O $2 14. Nge4 (14. Nce4 Nf5 (14... Bc6 $2 {[%tqu "En","","","","e4f6","",10,
"g5e6","",0]} 15. Nf6+ $1 (15. Nxe6 $2 fxe6 16. Bxe6+ Kh8 17. Bxh6 Bxe4 $1 $19
{[%cal Ge4h7]}) 15... gxf6 16. Nxe6 $1 Qd7 (16... Qc8 17. Nxf8 Qxf8 18. Bxh6
Qe8 19. Qg4+ Ng6 20. Qxg6+ $18) 17. Nxf8 Rxf8 18. Bxh6 Qf5 19. Qxf5 Nxf5 20.
Bxf8 Kxf8 21. Rad1 $18) 15. Nxd6 Nxd6 16. Nf3 Bc6 $11) 14... Bc6 15. Bxh6 {
looks decidedly unpleasant.}) 14. Qh3 Nf5 15. Nge4 Be7 {but then simply} 16. d5
{gives white an excellent position.}) 13... Bc7 14. Qg4 Nf5 15. Rd1 ({Finkel:
The typical breakthrrough in the center deserved attention.} 15. d5 $5 {
Finkel,A} exd5 (15... O-O 16. d6 $1 (16. dxe6 Bxe6 17. Bxe6 fxe6 18. b3 $14 {
[%csl Ye4,Re6][%cal Gc1b2,Gc1a3]}) 16... Bxd6 (16... Nxd6 $2 17. Bxh6 Nf5 18.
Bg5 {[%cal Ge4f6]} f6 19. Qxf5 $18) (16... Bb8 17. Bf4 $16 {[%cal Ga1d1,Gf4e5]}
) 17. Nxd6 Nxd6 18. Bxh6 $40) 16. Nxd5 Nxd5 17. Bxd5 O-O 18. Qh5 $1 $40 (18.
Qg6 $6 Bc6 $1 19. Qxf5 Qxd5 $15)) 15... O-O (15... Qh4 $6 16. Qxh4 Nxh4 17. d5
$16) 16. Nc5 Bc8 17. g3 {Finkel: Preventing 17...Qh4} Nd5 18. Nxd5 exd5 19. Qf3
({If} 19. Nxb7 Qf6 {or even} (19... Nxg3 {is not bad.})) 19... Ne7 20. Bf4 Bxf4
21. Qxf4 b6 22. Na4 {The position has stabilised. White has a slight advantage
but nothing more.} (22. Nd3 $5 {Finkel,A} Be6 (22... Bf5 23. Rac1 Rc8 24. Rxc8
Qxc8 25. Rc1 (25. Re1 Bxd3 26. Rxe7 Qh3 27. Re1 Qd7 28. Rc1 Re8 29. Kg2 Bc4 $1
$11) 25... Qe6 26. Re1 Ng6 27. Qc7 Qf6 28. Ne5 $14) 23. Rac1 Ng6 $1 24. Qc7 (
24. Qf3 Qd6 $11 {[%cal Ga8c8]}) 24... Qf6 25. Ne5 Rfc8 $11) 22... Be6 23. Rac1
Rc8 24. Nc3 Qd7 25. f3 (25. Ba4 $5 {Finkel,A} Nc6 26. Bb5 $14 {[%cal Gb5a6]})
25... Ng6 26. Qd2 Rc7 27. Ba4 Qc8 28. Re1 (28. Nb5 Rxc1 29. Rxc1 Qa6 {did not
look particularly clear to me.}) 28... Rd8 29. Kf2 Ne7 30. Bb3 {As you can see
this phase of the game is characterised by a great deal of shuffling around.
The one thing I was certain I wanted to achieve was a kingside pawn advance (
to restrict the black pieces) and to manoeuvre my knight to f4( where it
pressurises d5 and e6). I eventually managed this after some perambulations.}
Qb8 (30... Qd7 $5 {[%cal Gd8c8] Finkel,A}) 31. Ne2 Rxc1 32. Rxc1 Rc8 33. Re1 {
Finkel: White has to keep the rooks on the board in order to keep the game
alive.} Nc6 34. Bc2 (34. Nf4 Qd6 35. a3 Na5 36. Bc2 {was worth considering
when black must tread very carefully.}) 34... Qd6 35. a3 Ne7 36. Bb3 Kf8 (36...
f6 $142 $1 {Finkel,A} 37. Nf4 Bf7 {[%cal Gg7g5]} 38. Qe3 Rc7 $13 {[%cal Ge7f5]}
) 37. Nf4 a5 38. h4 Qd7 39. h5 Qb5 $1 {White has obtained his kingside grip
but black too has not been idle. The black rook and queen are actively placed.}
40. Bd1 Rc6 41. g4 {Finkel: Maximally restraining the black pieces.} Qc4 $6 {
The beginning of an erroneous plan. I imagine that the strain of the previous
days was taking its toll on the New York Open champion (it was certainly
taking its toll on me). Black should find a more appropriate regrouping.} (
41... Ng8 $1 42. Re3 Nf6 $14) (41... Rd6 $16 {[%cal Gb5d7] Finkel,A}) 42. Re3
Qc1 $2 {Clearly anticipated and played almost immediately. Surprisingly though
black is simply lost after the queen exchange.} (42... Qa6 $16 {Finkel,A}) 43.
Qxc1 Rxc1 44. Ba4 $1 Bc8 {Losing on the spot but other would merely have
prolonged the resistence e.g.} (44... Rc4 45. Bb5 (45. b3 {is also very strong}
) (45. b3 {Finkel,A} Rxd4 (45... Rc2+ 46. Kg3 Nc6 $8 (46... Bc8 47. Nxd5 $18) {
[%tqu "En","","","","e3e6","",10]} 47. Rxe6 $1 (47. Nxe6+ fxe6 48. Rxe6 Nxd4
49. Rxb6 Ne2+ 50. Kf2 Nc3+ 51. Ke3 Nxa4 52. bxa4 Rc3+ $11) 47... fxe6 48. Ng6+
Ke8 49. Ne5 $18) 46. Nxe6+ fxe6 47. Rxe6 Rd2+ 48. Ke3 Ra2 49. Rxb6 Rxa3 50. Ra6
$18) 45... Rc2+ (45... Rxd4 46. Rxe6 $1 Rxf4 47. Rxb6 {intending Ke3}) 46. Kg3
Rxb2 47. a4 {and the position will not be saved.}) (44... Nc6 45. Nxe6+ fxe6
46. Rxe6 b5 47. Bxb5 Nxd4 48. Rb6 {leaves white with a simple technical task.})
(44... Rb1 {Finkel,A} 45. b3 $18 {[%cal Gf4e6,Gf4d5]}) 45. Nxd5 $1 {A cruel
tactical blow.} (45. Nxd5 $1 $18 {[%csl Re8]} Be6 46. Nxe7 Kxe7 47. d5 $18) 1-0

[Event "Hastings 9899"]
[Site "Hastings"]
[Date "1999.01.06"]
[Round "8"]
[White "Ponomariov, Ruslan"]
[Black "Sadler, Matthew D"]
[Result "1/2-1/2"]
[WhiteElo "2585"]
[BlackElo "2660"]
[Annotator "Smirin,I"]
[PlyCount "54"]
[EventDate "1998.12.29"]
[EventType "tourn"]
[EventRounds "9"]
[EventCountry "ENG"]
[EventCategory "13"]
[SourceTitle "CBM 069"]
[Source "ChessBase"]
[SourceDate "1999.04.01"]
[SourceVersion "1"]
[SourceVersionDate "1999.04.01"]
[SourceQuality "1"]

1. e4 c5 2. Nf3 Nc6 3. c3 Nf6 4. e5 Nd5 5. Bc4 Nb6 6. Bb3 c4 7. Bc2 Qc7 8. Qe2
g5 9. e6 ({Nothing promises} 9. Nxg5 Qxe5 10. d4 cxd3 11. Bxd3 Qxe2+ 12. Bxe2
d5 13. Na3 Bg7 14. Be3 d4 15. cxd4 Nxd4 $36 {Lerner,K-Dydyshko,V/Muenster op
1996/1/2-1/2 (46)}) 9... dxe6 10. Nxg5 Qe5 11. d4 cxd3 12. Bxd3 Qxe2+ (12...
Nd5 13. O-O Qxe2 14. Bxe2 h6 15. Nf3 e5 16. Bb5 Bg7 17. Re1 f6 18. Nbd2 O-O 19.
Nf1 Bf5 20. Ng3 Bh7 21. Nh4 e6 $13 {1-0 Maiwald,J-Mainka,R/Recklinghausen 1997
(29)}) 13. Kxe2 (13. Bxe2 h6 14. Ne4 e5 15. Na3 Bf5 16. Bf3 (16. Ng3 Bg6 17.
Nc4 Nd5 18. O-O O-O-O 19. Re1 h5 20. h4 e6 21. Bf3 f6 $13 {Adams,M-Svidler,P/
FIDE-Wch k.o. 1997/0-1 (86)}) 16... O-O-O 17. Nc2 e6 18. Bd2 Bg6 19. O-O-O f5
20. Ng3 e4 21. Be2 Nd5 $36 {Rozentalis,E-Hellers,F/Skolernes Skakklub 1997/1/
2-1/2 (53)}) 13... h6 14. Nf3 e5 15. Na3 {[%cal Ga3b5]} Bd7 16. Be3 (16. Nb5 $6
O-O-O 17. Be3 {[%cal Gb5a7]} Nd5 18. Nxa7+ Nxa7 19. Bxa7 Nf4+ 20. Ke3 Nxg2+ 21.
Kd2 e4 22. Bd4 Bc6 $1 $17) 16... Nd5 17. Be4 Nf4+ (17... Nxe3 $5 18. Kxe3 (18.
fxe3 $6 Rg8 19. Kf2 f5 $15) 18... f6 $15 {[%cal Ge7e6,Ye8c8] ^^} (18... Bg7 {
[%cal Gf7f5]} 19. Nc4 {[%csl Re5]} f5 20. Bxc6 Bxc6 21. Ncxe5 Bxe5 22. Nxe5
Bxg2 23. Rhg1 $14 {[%csl Ge5][%cal Gf2f3]}) 19. Nb5 O-O-O) 18. Kf1 Bg7 19. Nh4
O-O-O (19... e6 20. Nc4 {[%cal Gc4d6]} O-O 21. Nd6 f5 22. Bc2 $13) 20. Nf5 Bxf5
(20... Bf6 21. g3 $14) 21. Bxf5+ e6 22. Bc2 Rd7 {Giving to the white
possibility to equalize the position.Deserved attention} (22... Nd3 $142 $5 23.
Ke2 (23. Bxd3 Rxd3 24. Ke2 e4 25. Rad1 Rhd8 $15 {[%cal Gf7f5,Ge6e5,Gf5f4] /=})
23... e4 (23... Nxb2 $2 24. Bc1 $18 {[%csl Rb2]}) 24. Rab1 f5 25. Bb3 Rhe8 {
[%cal Gf5f4] and black stands slightly better}) 23. Bxf4 exf4 24. Ke2 Rhd8 25.
Rad1 $11 Ne5 26. Rxd7 Rxd7 27. Rd1 Rxd1 1/2-1/2